Elements of Commercial Knowledge Mnagement Practices and Taxation (Record no. 3626)

MARC details
005 - DATE AND TIME OF LATEST TRANSACTION
control field 20250610135217.0
020 ## - INTERNATIONAL STANDARD BOOK NUMBER
International Standard Book Number 9789976780901
082 ## - DEWEY DECIMAL CLASSIFICATION NUMBER
Classification number 650.336 NBA
111 ## - MAIN ENTRY--MEETING NAME
Meeting name or jurisdiction name as entry element National Board of Accountants and Auditors
245 ## - TITLE STATEMENT
Title Elements of Commercial Knowledge Mnagement Practices and Taxation
260 ## - PUBLICATION, DISTRIBUTION, ETC.
Place of publication, distribution, etc. Dar Es Salaam
Name of publisher, distributor, etc. National Board of Commercial Knowledge, Management Practices and Taxation
Date of publication, distribution, etc. 2019
300 ## - PHYSICAL DESCRIPTION
Extent viii,274p.:ill.;tables
Other physical details Index
Dimensions 29cm
942 ## - ADDED ENTRY ELEMENTS (KOHA)
Source of classification or shelving scheme Dewey Decimal Classification
Koha item type Books

No items available.